Statistics the easy way / (Record no. 9819)
[ view plain ]
| 000 -LEADER | |
|---|---|
| fixed length control field | 00494pam a2200169 a 4500 |
| 020 ## - INTERNATIONAL STANDARD BOOK NUMBER | |
| International Standard Book Number | 0812093925 |
| 050 00 - LIBRARY OF CONGRESS CALL NUMBER | |
| Classification number | QA276.12 |
| Item number | .D68 1997 |
| 100 1# - MAIN ENTRY--PERSONAL NAME | |
| Personal name | Downing, Douglas. |
| 245 10 - TITLE STATEMENT | |
| Title | Statistics the easy way / |
| Statement of responsibility, etc. | Douglas Downing, Jeffrey Clark. |
| 250 ## - EDITION STATEMENT | |
| Edition statement | 3rd ed. |
| 260 ## - PUBLICATION, DISTRIBUTION, ETC. (IMPRINT) | |
| Place of publication, distribution, etc. | Hauppauge, N.Y. : |
| Name of publisher, distributor, etc. | Barron's, |
| Date of publication, distribution, etc. | c1997. |
| 300 ## - PHYSICAL DESCRIPTION | |
| Extent | x, 394 p. : |
| 500 ## - GENERAL NOTE | |
| General note | Includes index. |
| 700 1# - ADDED ENTRY--PERSONAL NAME | |
| Personal name | Clark, Jeff, |
| 856 42 - ELECTRONIC LOCATION AND ACCESS | |
| Uniform Resource Identifier | <a href="http://www.loc.gov/catdir/enhancements/fy0630/96041827-d.html">http://www.loc.gov/catdir/enhancements/fy0630/96041827-d.html</a> |
| 942 ## - ADDED ENTRY ELEMENTS (KOHA) | |
| Source of classification or shelving scheme | Library of Congress Classification |
| Koha item type | General circulation |
| Withdrawn status | Lost status | Source of classification or shelving scheme | Damaged status | Not for loan | Home library | Current library | Date acquired | Total Checkouts | Full call number | Barcode | Date last seen | Date last checked out | Koha item type | Shelving location | Source of acquisition |
|---|---|---|---|---|---|---|---|---|---|---|---|---|---|---|---|
| Library of Congress Classification | Kitui Town Campus Library | Kitui Town Campus Library | 20/01/2016 | 1 | QA 276.12 .D68 1997 | 2016/013542 | 19/11/2022 | 21/03/2016 | General circulation | General Stacks | Donation-Books for Africa | ||||
| Library of Congress Classification | Main Campus Library | Main Campus Library | 11/01/2016 | 5 | QA 276.12 .D68 1997 | 2016/010744 | 07/12/2022 | 23/11/2022 | General circulation |